[Event "Tradewise Hastings Masters 15-16"]
[Site "Hastings, England"]
[Date "2016.01.01"]
[Round "5.2"]
[White "Berkes, Ferenc"]
[Black "Arkell, Keith C"]
[Result "1/2-1/2"]
[WhiteElo "2650"]
[BlackElo "2490"]
[PlyCount "109"]
[EventDate "2016.??.??"]

1. e4 c6 2. d4 d5 3. Nd2 dxe4 4. Nxe4 Nd7 5. Ng5 Ngf6 6. Bd3 Nb6 7. N1f3 Bg4 8.
Qe2 Bh5 9. h3 h6 10. g4 hxg5 11. gxh5 Rxh5 12. Bxg5 Rxg5 13. Nxg5 Qxd4 14. c3
Qf4 15. Qe3 Nbd5 16. Qxf4 Nxf4 17. Bc2 e6 18. Rg1 Bd6 19. Rd1 Bc7 20. Ne4 Nxe4
21. Bxe4 g6 22. Rg3 Ke7 23. c4 f5 24. Bg2 Rh8 25. Kf1 Nxg2 26. Rxg6 Nf4 27.
Rg7+ Kf6 28. Rxc7 Rxh3 29. Ke1 b5 30. cxb5 cxb5 31. Rxa7 Nd3+ 32. Ke2 Nxb2 33.
Rb1 Na4 34. Rb3 Nc3+ 35. Kf1 Rh1+ 36. Kg2 Rc1 37. Ra6 Nd5 38. a3 Rc4 39. Kf3 b4
40. a4 Rc2 41. a5 Ra2 42. Kg2 Ke5 43. Ra8 Nf4+ 44. Kg1 Ra1+ 45. Kh2 Nd5 46. a6
Nc7 47. Ra7 Nxa6 48. Rxb4 Nxb4 49. Rxa1 Nd3 50. Kg3 Kf6 51. Ra6 Nc5 52. Ra2
Ne4+ 53. Kf4 Ng5 54. Ke3 e5 55. Ra6+ 1/2-1/2

[Event "Tradewise Hastings Masters 15-16"]
[Site "Hastings, England"]
[Date "2016.01.01"]
[Round "5.3"]
[White "Nagy, Gabor"]
[Black "Pap, Gyula"]
[Result "1/2-1/2"]
[WhiteElo "2403"]
[BlackElo "2551"]
[PlyCount "53"]
[EventDate "2016.??.??"]

1. d4 e6 2. Nf3 Nf6 3. c4 d5 4. Nc3 a6 5. cxd5 exd5 6. Bg5 Be6 7. e3 Nbd7 8.
Bd3 Bd6 9. O-O c6 10. Qc2 Qc7 11. Bf5 Bxf5 12. Qxf5 O-O 13. h3 Rae8 14. Bxf6
Nxf6 15. Nd2 Qb6 16. Rab1 Bb8 17. Qd3 Qc7 18. f4 c5 19. dxc5 Qxc5 20. Qd4 Qxd4
21. exd4 Re3 22. Nb3 Rfe8 23. Rbd1 Ba7 24. Kf2 Bb8 25. Kg1 Ba7 26. Kf2 Bb8 27.
Kg1 1/2-1/2

[Event "Tradewise Hastings Masters 15-16"]
[Site "Hastings, England"]
[Date "2016.01.01"]
[Round "5.4"]
[White "Bagi, Mate"]
[Black "Sulskis, Sarunas"]
[Result "1/2-1/2"]
[WhiteElo "2440"]
[BlackElo "2535"]
[PlyCount "67"]
[EventDate "2016.??.??"]

1. e4 c6 2. d4 d5 3. Nc3 dxe4 4. Nxe4 Bf5 5. Ng3 Bg6 6. h4 h6 7. Nf3 Nd7 8. h5
Bh7 9. Bd3 Bxd3 10. Qxd3 e6 11. Bd2 Qc7 12. O-O-O Bd6 13. Ne4 Bf4 14. Bxf4
Qxf4+ 15. Qe3 Qxe3+ 16. fxe3 Ke7 17. g4 Ngf6 18. Nf2 c5 19. c3 Rac8 20. Kb1 Rc7
21. e4 cxd4 22. cxd4 Rhc8 23. Rc1 Rxc1+ 24. Rxc1 Rxc1+ 25. Kxc1 e5 26. dxe5 Nh7
27. Nh3 Nc5 28. Kd2 Nxe4+ 29. Ke3 Nc5 30. Nd4 Ne6 31. Nf5+ Kd7 32. Nf4 Nhg5 33.
Nxe6 fxe6 34. Nd4 1/2-1/2

[Event "Tradewise Hastings Masters 15-16"]
[Site "Hastings, England"]
[Date "2016.01.01"]
[Round "5.6"]
[White "Eggleston, David J"]
[Black "Fodor, Tamas Jr"]
[Result "0-1"]
[WhiteElo "2396"]
[BlackElo "2492"]
[PlyCount "72"]
[EventDate "2016.??.??"]

1. e4 e6 2. d4 d5 3. Nc3 Nf6 4. Bg5 dxe4 5. Nxe4 Be7 6. Bxf6 gxf6 7. Nf3 f5 8.
Nc3 a6 9. Qd2 b5 10. O-O-O Qd6 11. Qe3 b4 12. Ne2 Nd7 13. Nf4 Bb7 14. Kb1 Rg8
15. h3 O-O-O 16. Bc4 Bf6 17. Nh5 Bh8 18. Nf4 Kb8 19. Rhg1 Qb6 20. Ne2 c5 21. d5
e5 22. d6 e4 23. Nh4 Ne5 24. Qb3 Rxd6 25. Bxf7 Rgd8 26. Rxd6 Qxd6 27. g3 Qf6
28. Bh5 Bd5 29. Qe3 Nf3 30. Qc1 Nxg1 31. Nxg1 Bf7 32. Be2 Qe6 33. c4 bxc3 34.
b3 Rd2 35. Qa3 Qd6 36. Qc1 c2+ 0-1

[Event "Tradewise Hastings Masters 15-16"]
[Site "Hastings, England"]
[Date "2016.01.01"]
[Round "5.6"]
[White "Krishna C R G"]
[Black "Hebden, Mark L"]
[Result "1-0"]
[WhiteElo "2367"]
[BlackElo "2469"]
[PlyCount "87"]
[EventDate "2016.??.??"]

1. d4 Nf6 2. Nf3 g6 3. c4 Bg7 4. g3 O-O 5. Bg2 d6 6. Nc3 Nc6 7. O-O Rb8 8. h3
e5 9. dxe5 dxe5 10. Be3 Be6 11. Qa4 Qc8 12. Kh2 a6 13. Rad1 Bd7 14. Qc2 Re8 15.
Nd5 Bf5 16. Qc1 Be4 17. Nc3 Bf5 18. Nd5 Ne7 19. Nc3 Be6 20. Nxe5 Nh5 21. Nf3
Bxc4 22. Bd4 Nc6 23. Bxg7 Nxg7 24. Rfe1 Qf5 25. e4 Qa5 26. b3 Be6 27. e5 Qc5
28. Ne4 Qxc1 29. Nf6+ Kh8 30. Rxc1 Re7 31. Ng5 Nb4 32. Re4 Nxa2 33. Rc2 Bxb3
34. Rh4 h5 35. Rb2 Rxe5 36. Nd7 Rxg5 37. Nxb8 Be6 38. Rxb7 c5 39. Ra4 Re5 40.
Nxa6 Nc3 41. Ra5 Nd1 42. Nxc5 Nf5 43. f4 Rd5 44. Ra8+ 1-0

[Event "Tradewise Hastings Masters 15-16"]
[Site "Hastings, England"]
[Date "2016.01.01"]
[Round "5.7"]
[White "Romanishin, Oleg M"]
[Black "Radovanovic, Jovica"]
[Result "1-0"]
[WhiteElo "2462"]
[BlackElo "2321"]
[PlyCount "39"]
[EventDate "2016.??.??"]

1. Nf3 c5 2. e4 d6 3. Bb5+ Nd7 4. O-O Ngf6 5. Re1 a6 6. Bf1 b5 7. a4 Bb7 8. d4
cxd4 9. axb5 axb5 10. Rxa8 Bxa8 11. Bxb5 e5 12. c3 dxc3 13. Bg5 c2 14. Qxc2 Be7
15. Bxf6 Bxf6 16. Qa4 Ke7 17. Nc3 g5 18. Bc6 Bxc6 19. Qxc6 Nb6 20. Qxb6 1-0

[Event "Tradewise Hastings Masters 15-16"]
[Site "Hastings, England"]
[Date "2016.01.01"]
[Round "5.8"]
[White "Bates, Richard A"]
[Black "Flear, Glenn C"]
[Result "1/2-1/2"]
[WhiteElo "2331"]
[BlackElo "2459"]
[PlyCount "154"]
[EventDate "2016.??.??"]

1. d4 d5 2. c4 c6 3. Nf3 Nf6 4. Nc3 e6 5. g3 dxc4 6. Bg2 b5 7. Ne5 Qb6 8. O-O
Bb7 9. e4 Nbd7 10. Be3 Rd8 11. Qe2 c5 12. Rfd1 cxd4 13. Bxd4 Bc5 14. Nxd7 Nxd7
15. Bxg7 Rg8 16. Bh6 Ne5 17. Rxd8+ Kxd8 18. a4 b4 19. a5 Qc6 20. Na4 Nd3 21.
Nxc5 Qxc5 22. Be3 Qe5 23. a6 Bc6 24. Bxa7 Qxb2 25. Qxb2 Nxb2 26. Bb8 c3 27. e5
Bxg2 28. Kxg2 Nc4 29. a7 Nb6 30. Bd6 Kd7 31. Bxb4 c2 32. Bd2 Ra8 33. Ra2 Nd5
34. Rxc2 Rxa7 35. Rb2 Rc7 36. Bh6 f6 37. exf6 Nxf6 38. Bf4 Ra7 39. Be3 Rc7 40.
Bf4 Ra7 41. Rb8 Ke7 42. Bg5 Kf7 43. Bxf6 Kxf6 44. h4 Kg6 45. Rg8+ Kf7 46. Rg5
h6 47. Rh5 Kg7 48. Re5 Kf6 49. f4 Ra3 50. Kh3 Rb3 51. Ra5 Re3 52. Kg4 Rb3 53.
h5 Rb4 54. Kh3 Re4 55. Ra6 Re3 56. Kg4 Rb3 57. Ra7 Rb4 58. Rh7 e5 59. Rxh6+ Ke7
60. Rg6 exf4 61. gxf4 Rb1 62. h6 Kf7 63. Rg5 Rg1+ 64. Kf5 Rh1 65. Rg7+ Kf8 66.
Kg6 Rg1+ 67. Kf6 Rh1 68. Rg6 Rh2 69. f5 Rh1 70. Ke6 Re1+ 71. Kd7 Kf7 72. h7
Rd1+ 73. Rd6 Rh1 74. Kd8 Kg7 75. Rd7+ Kh8 76. f6 Rf1 77. f7 Rxf7 1/2-1/2

[Event "Tradewise Hastings Masters 15-16"]
[Site "Hastings, England"]
[Date "2016.01.01"]
[Round "5.9"]
[White "Prosviriakov, Vladimir"]
[Black "Khenkin, Igor"]
[Result "0-1"]
[WhiteElo "2232"]
[BlackElo "2605"]
[PlyCount "72"]
[EventDate "2016.??.??"]

1. e4 c5 2. Nc3 a6 3. g3 b5 4. Bg2 Bb7 5. d3 e6 6. f4 d5 7. exd5 Nf6 8. Qe2
Nxd5 9. Nxd5 Bxd5 10. Bxd5 Qxd5 11. Nf3 Nc6 12. O-O Be7 13. Be3 O-O 14. a4 h6
15. Qf2 c4 16. d4 bxa4 17. Rxa4 Qb5 18. Ra2 Nb4 19. Raa1 Nd5 20. Ra2 a5 21. Ne5
a4 22. Qe2 a3 23. Bc1 Rac8 24. f5 exf5 25. Rxf5 Bg5 26. Rxg5 hxg5 27. Rxa3 f6
28. Ng6 Rfe8 29. Qh5 Re1+ 30. Kf2 Rxc1 31. Qh8+ Kf7 32. Ne5+ fxe5 33. Qxc8
Rxc2+ 34. Kf3 e4+ 35. Kxe4 Nf6+ 36. Ke3 Qd5 0-1

[Event "Tradewise Hastings Masters 15-16"]
[Site "Hastings, England"]
[Date "2016.01.01"]
[Round "5.10"]
[White "Gluckman, David"]
[Black "Gormally, Daniel W"]
[Result "0-1"]
[WhiteElo "2219"]
[BlackElo "2506"]
[PlyCount "98"]
[EventDate "2016.??.??"]

1. e4 c5 2. Nf3 d6 3. d4 cxd4 4. Nxd4 Nf6 5. Nc3 a6 6. a4 Nc6 7. Be2 e5 8. Nf3
h6 9. Be3 Be6 10. O-O Rc8 11. Nd2 Nb4 12. f4 exf4 13. Bxf4 Be7 14. Kh1 O-O 15.
Nf3 Nc6 16. Nd4 Nxd4 17. Qxd4 Ne8 18. Bd3 Bf6 19. Qb4 a5 20. Qxb7 Rb8 21. Qa7
Rxb2 22. Nb5 Be5 23. Bxe5 dxe5 24. Qc5 Qg5 25. Qa7 Nf6 26. Qxa5 Rc8 27. Qe1 Bc4
28. Rf5 Qg6 29. Nd6 Bxd3 30. Nxc8 Kh7 31. Ne7 Qg4 32. h3 Qxe4 33. Rxe5 Qb7 34.
Nd5 Nxd5 35. cxd3 Ne3 36. Re4 Nxg2 37. Qf1 Qd5 38. Rb1 Ne3 39. Qc1 Rxb1 40.
Qxb1 f5 41. Qb5 Qxb5 42. axb5 fxe4 43. dxe4 Nc4 44. Kg2 Kg6 45. Kf3 Kf6 46. Ke2
Ke5 47. Kd3 Nd6 48. b6 Nxe4 49. Kc4 Nd6+ 0-1

[Event "Tradewise Hastings Masters 15-16"]
[Site "Hastings, England"]
[Date "2016.01.01"]
[Round "5.11"]
[White "Cunningham, Robin"]
[Black "Williams, Simon K"]
[Result "1/2-1/2"]
[WhiteElo "2205"]
[BlackElo "2439"]
[PlyCount "65"]
[EventDate "2016.??.??"]

1. e4 e6 2. d4 d5 3. Nd2 Nf6 4. Bd3 c5 5. c3 cxd4 6. cxd4 dxe4 7. Nxe4 Nxe4 8.
Bxe4 Bb4+ 9. Bd2 Qa5 10. Ne2 Bxd2+ 11. Qxd2 Qxd2+ 12. Kxd2 Nc6 13. Bxc6+ bxc6
14. Rac1 Bd7 15. Rc5 Ke7 16. Rhc1 Rhb8 17. b3 f6 18. h4 Be8 19. Nf4 Kd6 20. Nd3
a5 21. R1c4 Rb5 22. f4 Ra6 23. Ke3 Bg6 24. Rxb5 cxb5 25. Rc5 Rc6 26. a4 bxa4
27. bxa4 Bxd3 28. Rxc6+ Kxc6 29. Kxd3 Kd5 30. h5 f5 31. g3 h6 32. Kc3 Kd6 33.
Kc4 1/2-1/2

[Event "Tradewise Hastings Masters 15-16"]
[Site "Hastings, England"]
[Date "2016.01.01"]
[Round "5.12"]
[White "Snape, Ian L"]
[Black "Sarkar, Justin"]
[Result "0-1"]
[WhiteElo "2168"]
[BlackElo "2407"]
[PlyCount "80"]
[EventDate "2016.??.??"]

1. d4 Nf6 2. c4 c5 3. d5 e6 4. Nc3 exd5 5. cxd5 d6 6. e4 g6 7. Bd3 Bg7 8. Nge2
O-O 9. O-O Nbd7 10. Ng3 a6 11. a4 Qc7 12. h3 Rb8 13. Be3 h5 14. f4 c4 15. Bc2
b5 16. axb5 axb5 17. Ra7 Qd8 18. e5 dxe5 19. f5 h4 20. Nh1 b4 21. Na4 e4 22.
fxg6 fxg6 23. Nf2 Bb7 24. Nxe4 Nxd5 25. Rxf8+ Qxf8 26. Bg5 N5b6 27. Bxh4 b3 28.
Bb1 Nxa4 29. Qxd7 Nc5 30. Nxc5 Qxc5+ 31. Bf2 Qc6 32. Qxc6 Bxc6 33. Bxg6 Be8 34.
Bf5 Bf7 35. Bh7+ Kxh7 36. Rxf7 Kg8 37. Rc7 Bxb2 38. Rxc4 Bg7 39. Bd4 Bxd4+ 40.
Rxd4 b2 0-1

[Event "Tradewise Hastings Masters 15-16"]
[Site "Hastings, England"]
[Date "2016.01.01"]
[Round "5.13"]
[White "Helbig, Paul D"]
[Black "Karthik, V. AP."]
[Result "1/2-1/2"]
[WhiteElo "2122"]
[BlackElo "2310"]
[PlyCount "108"]
[EventDate "2016.??.??"]

1. c4 Nf6 2. g3 g6 3. Bg2 Bg7 4. Nc3 O-O 5. e4 d6 6. Nge2 c5 7. d3 Nc6 8. O-O
Ne8 9. Rb1 Nc7 10. a3 a5 11. Nd5 Bg4 12. f3 Bd7 13. Nxc7 Qxc7 14. a4 e6 15. f4
Rad8 16. b3 Nb4 17. Bb2 d5 18. Bxg7 Kxg7 19. Qd2 dxe4 20. dxe4 Bc6 21. Qc3+ f6
22. Rbd1 Rxd1 23. Rxd1 Rd8 24. Rd2 Rd7 25. e5 f5 26. Rd6 Kf7 27. Qd2 Ke7 28.
Bxc6 Nxc6 29. Rxd7+ Qxd7 30. Qxd7+ Kxd7 31. Kf2 Nd4 32. Nc1 Ke7 33. Kg2 Kf7 34.
Kf2 Kg7 35. Kg2 b6 36. Kf2 Kh6 37. Kg2 Kh5 38. h3 g5 39. Kf2 gxf4 40. gxf4 Kh4
41. Kg2 h6 42. Kh2 Nf3+ 43. Kg2 Ne1+ 44. Kf2 Kxh3 45. Kxe1 Kg2 46. Ke2 h5 47.
Nd3 h4 48. Nf2 Kg3 49. Ke3 Kg2 50. Ke2 Kg3 51. Ke3 Kg2 52. Nd3 Kg3 53. Ne1 Kg4
54. Nd3 Kh3 1/2-1/2

[Event "Tradewise Hastings Masters 15-16"]
[Site "Hastings, England"]
[Date "2016.01.01"]
[Round "5.14"]
[White "Crocker, Philip J"]
[Black "Longson, Alexander"]
[Result "0-1"]
[WhiteElo "2169"]
[BlackElo "2320"]
[PlyCount "60"]
[EventDate "2016.??.??"]

1. c4 c5 2. g3 g6 3. Bg2 Bg7 4. Nc3 Nc6 5. Nf3 d6 6. O-O Bf5 7. d3 Qd7 8. Rb1
Bh3 9. Bxh3 Qxh3 10. Nd5 Qd7 11. b4 e6 12. bxc5 exd5 13. cxd5 Nce7 14. e4 dxc5
15. d6 Nc6 16. e5 Nh6 17. Bf4 Nf5 18. Re1 O-O 19. Qb3 Nfd4 20. Nxd4 Nxd4 21.
Qd5 b6 22. Bg5 Qc6 23. Qxc6 Nxc6 24. f4 f6 25. e6 fxg5 26. e7 Rfe8 27. Re6 gxf4
28. gxf4 Kf7 29. Rbe1 Bf6 30. Kg2 Nxe7 0-1

[Event "Tradewise Hastings Masters 15-16"]
[Site "Hastings, England"]
[Date "2016.01.01"]
[Round "5.15"]
[White "Burrows, Martin P"]
[Black "Ripari, Marcelo"]
[Result "1/2-1/2"]
[WhiteElo "2145"]
[BlackElo "2310"]
[PlyCount "52"]
[EventDate "2016.??.??"]

1. c4 c5 2. Nf3 Nc6 3. d4 cxd4 4. Nxd4 Nf6 5. Nc3 g6 6. e4 d6 7. Be2 Nxd4 8.
Qxd4 Bg7 9. Bg5 O-O 10. Qd2 a5 11. Rc1 a4 12. O-O Be6 13. f3 Re8 14. Nd5 Nd7
15. Kh1 Nc5 16. Rfd1 Bxd5 17. exd5 Qa5 18. Qxa5 Rxa5 19. Rc2 Ra6 20. Be3 Rb6
21. Rb1 e6 22. dxe6 Rxe6 23. Bf2 Rb4 24. Kg1 Kf8 25. Kf1 Ke7 26. Be1 Rb6
1/2-1/2

[Event "Tradewise Hastings Masters 15-16"]
[Site "Hastings, England"]
[Date "2016.01.01"]
[Round "5.16"]
[White "Batchelor, Peter J"]
[Black "Goater, Kevin P"]
[Result "1-0"]
[WhiteElo "2307"]
[BlackElo "2141"]
[PlyCount "95"]
[EventDate "2016.??.??"]

1. d4 g6 2. Nf3 Bg7 3. g3 c5 4. d5 d6 5. Bg2 Nd7 6. O-O b5 7. c4 a6 8. a4 b4 9.
Nbd2 a5 10. Qc2 Rb8 11. Rb1 Nh6 12. e4 O-O 13. b3 Re8 14. Re1 f6 15. Bh3 Nf7
16. Bb2 Nf8 17. Bxc8 Qxc8 18. Re2 Qg4 19. Rf1 g5 20. Kh1 Ng6 21. Ng1 Qd7 22. f4
g4 23. Ref2 Rf8 24. Ne2 Qe8 25. Nc1 Nh6 26. Nd3 Rc8 27. Re1 Qd7 28. Nf1 Rce8
29. f5 Ne5 30. Nxe5 fxe5 31. Qe2 Kh8 32. Ne3 Rg8 33. Nxg4 Nxg4 34. Qxg4 Bf6 35.
Qf3 Ref8 36. Rg1 Qe8 37. Bc1 Bg5 38. Bxg5 Rxg5 39. h4 Rg7 40. g4 h6 41. Rg3 Qf7
42. g5 hxg5 43. hxg5 Rh7+ 44. Rh3 Rxh3+ 45. Qxh3+ Qh7 46. Qxh7+ Kxh7 47. Rh2+
Kg7 48. Kg2 1-0

[Event "Tradewise Hastings Masters 15-16"]
[Site "Hastings, England"]
[Date "2016.01.01"]
[Round "5.17"]
[White "Tarhon, Brian"]
[Black "Taylor, Adam C"]
[Result "1-0"]
[WhiteElo "2139"]
[BlackElo "2282"]
[PlyCount "125"]
[EventDate "2016.??.??"]

1. e4 e5 2. Nf3 Nc6 3. Bb5 Nf6 4. O-O Nxe4 5. d4 Nd6 6. Bxc6 dxc6 7. dxe5 Nf5
8. Qxd8+ Kxd8 9. b3 Be7 10. Bb2 Be6 11. Nc3 b6 12. g4 Nh4 13. Nxh4 Bxh4 14. h3
h5 15. Rad1+ Ke8 16. f3 a5 17. Kg2 Rd8 18. Ne2 hxg4 19. hxg4 Bg5 20. Rxd8+ Kxd8
21. Kg3 c5 22. Bc1 Bxc1 23. Rxc1 Ke7 24. Rd1 a4 25. Nc3 axb3 26. axb3 Ra8 27.
Nb5 Ra2 28. Nxc7 Rxc2 29. Nxe6 Kxe6 30. Kf4 b5 31. Rd6+ Ke7 32. Rb6 b4 33. Rb7+
Ke6 34. Rb6+ Kd7 35. g5 Kc7 36. g6 fxg6 37. Rxg6 c4 38. bxc4 b3 39. Rxg7+ Kc6
40. Rg1 Rxc4+ 41. Kf5 b2 42. Rb1 Rb4 43. Ke6 Kc5 44. f4 Rb6+ 45. Kf7 Rb7+ 46.
Kf6 Rb8 47. e6 Rf8+ 48. Ke5 Rb8 49. e7 Kc4 50. Ke6 Kb3 51. Kf7 Rb7 52. Kf8 Rb4
53. e8=Q Rxf4+ 54. Kg7 Rb4 55. Qe6+ Kc2 56. Qf5+ Kb3 57. Rf1 Ka4 58. Qc2+ Ka3
59. Rf3+ Ka2 60. Rf7 Rb3 61. Ra7+ Ra3 62. Rxa3+ Kxa3 63. Qb1 1-0

[Event "Tradewise Hastings Masters 15-16"]
[Site "Hastings, England"]
[Date "2016.01.01"]
[Round "5.18"]
[White "Wadsworth, Matthew J"]
[Black "Willson, Ollie"]
[Result "1-0"]
[WhiteElo "2273"]
[BlackElo "2033"]
[PlyCount "139"]
[EventDate "2016.??.??"]

1. g3 Nf6 2. Bg2 g6 3. e4 d6 4. d4 Bg7 5. Ne2 O-O 6. O-O c5 7. Nbc3 e5 8. dxe5
dxe5 9. Bg5 Qxd1 10. Raxd1 h6 11. Be3 b6 12. Rd6 Kh7 13. Rfd1 Ba6 14. f3 Ne8
15. Rd8 Nf6 16. R8d6 Ne8 17. R6d2 Nc6 18. Nd5 Rd8 19. Nc1 Nd4 20. c3 Ne6 21.
Bh3 Nf6 22. Bxe6 fxe6 23. Nxf6+ Bxf6 24. Rd7+ Rxd7 25. Rxd7+ Bg7 26. Kf2 Ra8
27. Re7 Bc8 28. Nd3 Kg8 29. f4 Bf6 30. Rc7 exf4 31. Bxf4 g5 32. Be5 Bxe5 33.
Nxe5 Ba6 34. c4 b5 35. b3 bxc4 36. bxc4 Rb8 37. Rxa7 Rb2+ 38. Kf3 Rxa2 39. Rc7
Rxh2 40. Rxc5 Rb2 41. Rc6 Bb7 42. Rxe6 Rb3+ 43. Kf2 Bxe4 44. Rxh6 Kg7 45. Rd6
Rc3 46. g4 Ra3 47. Ke2 Ra5 48. Re6 Bh7 49. Ke3 Bg8 50. Rg6+ Kh7 51. Kd4 Rxe5
52. Rxg8 Ra5 53. Re8 Kg6 54. Re6+ Kf7 55. Re5 Ra1 56. Rxg5 Rg1 57. Kd5 Kf6 58.
Rf5+ Ke7 59. g5 Kd7 60. c5 Rd1+ 61. Ke5 Ke7 62. g6 Re1+ 63. Kd5 Rg1 64. Rf7+
Ke8 65. Rf6 Ke7 66. Ra6 Rd1+ 67. Kc6 Rg1 68. Ra7+ Kd8 69. g7 Rg6+ 70. Kb5 1-0

[Event "Tradewise Hastings Masters 15-16"]
[Site "Hastings, England"]
[Date "2016.01.01"]
[Round "5.19"]
[White "Rudd, Jack"]
[Black "Golding, James"]
[Result "1-0"]
[WhiteElo "2255"]
[BlackElo "1882"]
[PlyCount "47"]
[EventDate "2016.??.??"]

1. d4 d5 2. c4 e6 3. Nc3 c5 4. Nf3 Nc6 5. cxd5 exd5 6. g3 Nf6 7. Bg2 Be7 8. O-O
O-O 9. Bg5 c4 10. b3 Qa5 11. Qc1 Be6 12. bxc4 dxc4 13. e4 Bb4 14. Bd2 Bg4 15.
a3 Qh5 16. Nh4 Ba5 17. h3 Nxd4 18. hxg4 Bxc3 19. gxh5 Ne2+ 20. Kh1 Nxc1 21.
Bxc3 Nb3 22. Rad1 Nxh5 23. Bf3 Nf6 24. e5 1-0

[Event "Tradewise Hastings Masters 15-16"]
[Site "Hastings, England"]
[Date "2016.01.01"]
[Round "5.20"]
[White "Anderson, John"]
[Black "Gibbs, Daniel C"]
[Result "1-0"]
[WhiteElo "2247"]
[BlackElo "1796"]
[PlyCount "59"]
[EventDate "2016.??.??"]

1. d4 Nf6 2. Nf3 g6 3. c4 d5 4. cxd5 Nxd5 5. e4 Nb6 6. Nc3 Bg7 7. h3 O-O 8. Be3
Nc6 9. Rc1 e5 10. d5 Ne7 11. Be2 Bd7 12. O-O Nbc8 13. Qd2 Nd6 14. Bh6 f6 15.
Bxg7 Kxg7 16. Rc2 g5 17. Nh2 Ng6 18. Bg4 Bxg4 19. hxg4 Qd7 20. g3 Rh8 21. Qe2
a6 22. Rfc1 Rhc8 23. Nf1 b5 24. b3 Ne7 25. Ne3 c6 26. Qf3 b4 27. dxc6 Rxc6 28.
Ncd5 Ne8 29. Nxe7 Rxc2 30. N7f5+ 1-0

[Event "Tradewise Hastings Masters 15-16"]
[Site "Hastings, England"]
[Date "2016.01.01"]
[Round "5.21"]
[White "Lyell, Mark"]
[Black "Gluckman, Paul"]
[Result "0-1"]
[WhiteElo "2228"]
[BlackElo "1742"]
[PlyCount "113"]
[EventDate "2016.??.??"]

1. e4 c5 2. c3 e6 3. d4 d5 4. e5 Nc6 5. Nf3 Nge7 6. Na3 Nf5 7. Nc2 Qb6 8. Bd3
cxd4 9. cxd4 Bb4+ 10. Kf1 Bd7 11. g3 Be7 12. Kg2 O-O 13. g4 Nh4+ 14. Nxh4 Bxh4
15. g5 g6 16. Be3 h6 17. f4 hxg5 18. fxg5 Kg7 19. Rf1 Qd8 20. Rf6 Ne7 21. Qd2
Rh8 22. Raf1 Be8 23. Ne1 Bxe1 24. Qxe1 Ng8 25. R6f3 Ne7 26. Qg3 Qa5 27. Qf4 Nf5
28. Bxf5 gxf5 29. a3 Bb5 30. R1f2 Kg6 31. Rh3 Bd3 32. Bd2 Qa6 33. Qg3 Be4+ 34.
Kg1 Qb6 35. Rh6+ Kg7 36. Rxh8 Rxh8 37. Qc3 Kg6 38. Rf4 Qb5 39. Rf2 Rh4 40. h3
Qd3 41. Qxd3 Bxd3 42. Rf3 Be4 43. Rc3 Bb1 44. Be3 Rxh3 45. Kg2 Rh8 46. Rc7 Be4+
47. Kg3 Rb8 48. Bd2 a6 49. Bb4 b5 50. Be7 a5 51. Bf6 b4 52. a4 Bd3 53. Rc1 Be2
54. Kf4 Bh5 55. Ke3 Bg4 56. Rc6 Ra8 57. Rc5 0-1

[Event "Tradewise Hastings Masters 15-16"]
[Site "Hastings, England"]
[Date "2016.01.01"]
[Round "5.22"]
[White "Gaudeau, Valentin"]
[Black "Rolvag, Mikael"]
[Result "1/2-1/2"]
[WhiteElo "2080"]
[BlackElo "2221"]
[PlyCount "56"]
[EventDate "2016.??.??"]

1. f4 d5 2. Nf3 g6 3. g3 Bg7 4. Bg2 Nh6 5. O-O O-O 6. e3 c6 7. Nc3 Bg4 8. h3
Bxf3 9. Qxf3 Nf5 10. d4 Nd7 11. Bd2 Qb6 12. b3 a5 13. Rac1 Qa7 14. Ne2 a4 15.
Qf2 axb3 16. axb3 Nf6 17. g4 Nd6 18. Ng3 c5 19. Bc3 Nfe4 20. Nxe4 dxe4 21. Ra1
Qb6 22. Rfd1 Rfc8 23. Qd2 Qc7 24. Rxa8 Rxa8 25. dxc5 Qxc5 26. Bxg7 Kxg7 27.
Qd4+ Qxd4 28. Rxd4 Ra1+ 1/2-1/2

[Event "Tradewise Hastings Masters 15-16"]
[Site "Hastings, England"]
[Date "2016.01.01"]
[Round "5.23"]
[White "Brown, Thomas"]
[Black "Ledger, Dave J"]
[Result "0-1"]
[WhiteElo "2066"]
[BlackElo "2212"]
[PlyCount "130"]
[EventDate "2016.??.??"]

1. d4 Nf6 2. c4 g6 3. Nc3 Bg7 4. e4 d6 5. f3 O-O 6. Be3 c5 7. Nge2 Nc6 8. d5
Ne5 9. Ng3 e6 10. Be2 a6 11. f4 Neg4 12. Bxg4 Nxg4 13. Qxg4 exd5 14. Qf3 d4 15.
Bd2 dxc3 16. Bxc3 Be6 17. Bxg7 Kxg7 18. f5 Qa5+ 19. Kf2 Qd2+ 20. Ne2 Bxc4 21.
Qc3+ Qxc3 22. Nxc3 f6 23. Rad1 Rfd8 24. b3 Bf7 25. Rd3 Rac8 26. Rhd1 c4 27.
bxc4 Rxc4 28. Re3 Rdc8 29. Ne2 R8c6 30. a3 Rc2 31. Kf3 Rb6 32. g4 g5 33. Rc1
Rxc1 34. Nxc1 Rb2 35. h3 Bc4 36. Rc3 b5 37. Nd3 Rd2 38. Nb4 h5 39. gxh5 a5 40.
Nc6 a4 41. Ke3 Rh2 42. Kd4 Kh6 43. Na5 Bf1 44. Nb7 Rd2+ 45. Ke3 Rd1 46. Kf2 Bc4
47. Na5 Bf7 48. Ke3 d5 49. Rc6 Re1+ 50. Kd2 Rxe4 51. Rxf6+ Kg7 52. Rb6 Bxh5 53.
Rxb5 Re2+ 54. Kc1 Ra2 55. Rxd5 Rxa3 56. Rd4 Rxh3 57. Rxa4 Bf7 58. Kd2 Rf3 59.
Nc6 Rxf5 60. Ke3 Kf6 61. Nd4 Rf4 62. Ra6+ Kg7 63. Nf3 Rf5 64. Nd4 Rf1 65. Ke2
Bc4+ 0-1

[Event "Tradewise Hastings Masters 15-16"]
[Site "Hastings, England"]
[Date "2016.01.01"]
[Round "5.24"]
[White "Atako, Chino C"]
[Black "Roberts, Paul"]
[Result "1/2-1/2"]
[WhiteElo "2050"]
[BlackElo "2197"]
[PlyCount "67"]
[EventDate "2016.??.??"]

1. d4 d5 2. c4 c5 3. dxc5 d4 4. e3 e5 5. exd4 exd4 6. Nf3 Bxc5 7. Bd3 Qe7+ 8.
Be2 Bb4+ 9. Kf1 Nc6 10. Nxd4 Nxd4 11. Qxd4 Nf6 12. Bg5 O-O 13. Bxf6 gxf6 14.
Nc3 Re8 15. Bd3 Bxc3 16. Qxc3 Be6 17. Re1 Rad8 18. Re3 b5 19. cxb5 Rc8 20. Qd2
Qc5 21. Ke2 Bxa2 22. Re1 Rxe3+ 23. Qxe3 Qh5+ 24. Kd2 Rd8 25. Qe7 Qd5 26. Re3
Qd4 27. Qe4 Qxb2+ 28. Ke1 Qc3+ 29. Ke2 Rxd3 30. Rxd3 Bc4 31. Ke3 Bxd3 32. Qxd3
Qe5+ 33. Kf3 Qh5+ 34. Ke4 1/2-1/2

[Event "Tradewise Hastings Masters 15-16"]
[Site "Hastings, England"]
[Date "2016.01.01"]
[Round "5.25"]
[White "Sikkel, Dirk"]
[Black "Kett, Tim"]
[Result "0-1"]
[WhiteElo "1991"]
[BlackElo "2192"]
[PlyCount "106"]
[EventDate "2016.??.??"]

1. e4 c5 2. Nf3 g6 3. d4 cxd4 4. Qxd4 Nf6 5. e5 Nc6 6. Qa4 Nd5 7. Qe4 Nb6 8.
Bf4 Bg7 9. Nc3 O-O 10. Bb5 d5 11. exd6 exd6 12. O-O d5 13. Qd3 Bf5 14. Qd2 a6
15. Bxc6 bxc6 16. Rad1 Bg4 17. Qd3 Nc4 18. Na4 Re8 19. Rb1 Qf6 20. Bg5 Qf5 21.
Qxf5 Bxf5 22. b3 Na3 23. Rbc1 Nxc2 24. Nh4 Bd3 25. Rfd1 h6 26. Rxd3 hxg5 27.
Nf3 Nb4 28. Rdd1 g4 29. Ne1 Nxa2 30. Rxc6 Nb4 31. Rb6 Rab8 32. Rxb8 Rxb8 33.
Kf1 d4 34. Nd3 Nxd3 35. Rxd3 Rc8 36. Ke2 f5 37. Nb6 Rc6 38. Nc4 Kf7 39. Rd1 Ke6
40. Kd3 Kd5 41. Re1 Re6 42. Ra1 Kc5 43. Ra4 f4 44. Nd2 Kb5 45. Rc4 g3 46. hxg3
fxg3 47. fxg3 Re3+ 48. Kc2 Rxg3 49. Rc7 d3+ 50. Kd1 Bh6 51. Rh7 Bf4 52. Rd7
Rxg2 53. Rxd3 Rxd2+ 0-1

[Event "Tradewise Hastings Masters 15-16"]
[Site "Hastings, England"]
[Date "2016.01.01"]
[Round "5.26"]
[White "Pickersgill, Adrian O"]
[Black "Byron, Alan M"]
[Result "1/2-1/2"]
[WhiteElo "1986"]
[BlackElo "2175"]
[PlyCount "43"]
[EventDate "2016.??.??"]

1. e4 d6 2. d4 Nf6 3. Nc3 c6 4. a4 Nbd7 5. Nf3 e5 6. Be2 Be7 7. O-O a5 8. Re1
O-O 9. Bg5 Re8 10. Qd2 Qc7 11. Rad1 Nf8 12. h3 Ng6 13. Bc4 b6 14. Bb3 Ba6 15.
Be3 Bf8 16. Ng5 Nh8 17. f4 exf4 18. Bxf4 h6 19. Nf3 Ng6 20. Bh2 Rad8 21. Qf2
Bb7 22. Kh1 1/2-1/2

[Event "Tradewise Hastings Masters 15-16"]
[Site "Hastings, England"]
[Date "2016.01.01"]
[Round "5.27"]
[White "Singh, Vishnu"]
[Black "Oyama, Akito"]
[Result "1/2-1/2"]
[WhiteElo "2180"]
[BlackElo "2005"]
[PlyCount "71"]
[EventDate "2016.??.??"]

1. e4 c5 2. Nc3 Nc6 3. g3 g6 4. d3 Bg7 5. Be3 d6 6. Qd2 Rb8 7. Bg2 e6 8. Nf3
Nd4 9. O-O Ne7 10. Bh6 Bxh6 11. Qxh6 Nxc2 12. Rac1 Nb4 13. Rfd1 Ng8 14. Qe3 e5
15. d4 cxd4 16. Nxd4 a6 17. Ndb5 axb5 18. Nxb5 Bd7 19. Nxd6+ Kf8 20. Qa3 Nc6
21. Nxb7+ Qe7 22. Rxd7 Qxa3 23. bxa3 Nf6 24. Rc7 Nd4 25. Bf1 Ne8 26. Rd7 Nf6
27. Rd6 Nxe4 28. Rb6 Kg7 29. a4 Rhc8 30. Rxc8 Rxc8 31. Nd6 Nxd6 32. Rxd6 Rc2
33. a3 Nf3+ 34. Kg2 Ne1+ 35. Kg1 Nf3+ 36. Kg2 1/2-1/2